[Event "E Chess.com Grand Swiss"]
[Site "FIDE"]
[Date "2019.10.13"]
[Round "4.7"]
[White "Kovalev, Vladislav"]
[Black "Carlsen, Magnus"]
[Result "1/2-1/2"]
[WhiteElo "2661"]
[BlackElo "2876"]
[EventDate "2019.??.??"]
[Annotator "Bojkov,Dejan"]
[PlyCount "93"]
[Beauty "5777804760083"]
[EventType "team-tourn"]
[EventCountry "FID"]

1.e4 c5 2.Nf3 d6 3.Bb5+ {The Moscow variation was especially popular today at the IOM.} 3...Bd7 4.Bxd7+ Qxd7 5.c4 {A very solid approach against the world champion.} 5...e5 6.Nc3 Nc6 7.d3 Be7 ( {The more entertaining} 7...g6 8.h4 Nf6 9.Nd5 Nxd5 10.cxd5 Nb4 11.a3 Na6 12.h5 {was played in Anand,V (2767) -Caruana,F (2819) Zagreb 2019} ) 8.a3 Bd8 {Black's setup is somewhat artificial, but since the center is clamped, he can afford to play slowly.} 9.O-O Nge7 ( {In case of} 9...Ba5 10.b4 $1 {is unpleasant for Black, when} 10...cxb4 11.Nd5 bxa3 12.Rxa3 Nge7 13.d4 {promises White a lot for the pawn.} ) 10.b4 O-O 11.bxc5 $146 {Simple and good.} ( {White was somewhat better in a correspondence game after} 11.Rb1 Nd4 12.bxc5 Nxf3+ 13.Qxf3 dxc5 14.Nd5 Nxd5 15.exd5 {Fasser,W (2115)-Berko,M (2042) ICCF email 2014} ) 11...dxc5 12.Nd5 Ng6 ( {Here} 12...Ba5 {only brings the bishop to a seemingly active position from where it has little to no influence on the opponent's position. White would proceed with} 13.Be3 b6 14.Nh4 {with an advantage.} ) ( {However, the immediate} 12...f5 {deserves serious consideration.} ) 13.Be3 b6 14.Nd2 $1 {Kovalev is getting ready for his opponent's main resource.} 14...f5 15.exf5 Qxf5 $6 ( {Better is} 15...Rxf5 16.Ne4 Nf4 {with equality. In this case the black queen would cover the squares along the d-file.} ) 16.Ne4 {All the white pieces are perfectly placed, and Carlsen has to be careful.} 16...Nf4 17.g3 Qg6 ( {With the black queen away from the d-file, the capture on d5 is not good:} 17...Nxd5 18.cxd5 Nd4 19.Bxd4 exd4 20.Qb3 {with an advantage for White, thanks to his better minor piece.} ) 18.Kh1 {Practically forcing the trade on d5.} 18...Nxd5 19.cxd5 Ne7 $6 {One more inaccuracy. Not obvious but a serious one. The knight is not stable where it is heading.} ( {Safer is} 19...Na5 {when} 20.d6 ( {If} 20.f4 exf4 ( 20...Nc4 $6 {is not as effective as it looks after} 21.Bc1 $1 ) 21.Bxf4 Bf6 {and Black should be OK.} ) 20...Nb7 {gives Black enough time to organize himself in the battle against the passer. For example:} 21.Qb3+ Qf7 22.Qxf7+ Rxf7 23.f4 Bf6 ) 20.d6 $1 Nf5 21.Qb3+ Kh8 ( {Here:} 21...Qf7 {will be met with} 22.Qxf7+ Rxf7 23.g4 Nxe3 24.fxe3 {with an advantage for White.} ) 22.Qd5 {The passer is nicely supported. Next Kovalev opens the road for his major pieces, and Carlsen's situation becomes critical.} 22...Bf6 23.Rae1 $1 Rad8 ( {Not much is changed after} 23...h6 24.f4 exf4 25.Bxf4 Rad8 26.d7 ) 24.f4 Nxe3 {This only helps White.} ( 24...exf4 25.Bxf4 h6 {would have been more stubborn.} ) 25.Rxe3 exf4 26.Rxf4 h6 27.d7 {So far Kovalev played flawlessly and managed to outplay his mighty opponent. But within a striking distance from the win, he starts to hesitate. The game move is the most logical continuation.} ( {However, even better is} 27.Nxf6 $1 Rxf6 28.d7 {The threat is the simple capture on f6 and if} 28...Rxf4 29.gxf4 $1 {when Black cannot hold his defenses:} 29...Kh7 30.Re6 $1 {White is winning.} 30...Qf7 31.Rxh6+ $1 Kg8 32.Rh8+ ) 27...Be7 $1 {The world champion understands that no matter how bad this bishop is, it is an important defender.} 28.Ref3 $1 {Consistently trading the blockers of the passer.} 28...Rxf4 29.Rxf4 b5 30.Nxc5 {Again not a bad move.} ( {But once more Kovalev misses a clear win.} 30.Rf5 $1 {with the idea of moving the rook to a better position that would have led White to a deserved victory after} 30...c4 31.Re5 Bf6 32.Nxf6 gxf6 ( 32...Qxf6 33.Re8+ ) 33.Re7 cxd3 34.Qe6 {and the passer becomes a queen.} ) 30...Bxc5 31.Qxc5 Kh7 $1 {The best defense.} ( {In case of} 31...Qxd3 {White planned the cute} 32.Qf8+ $1 ( {rather than} 32.Rf8+ Kh7 33.Rxd8 Qf1+ 34.Qg1 Qf3+ 35.Qg2 Qd1+ {with a perpetual.} ) 32...Rxf8 ( {If} 32...Kh7 33.Qxd8 Qd1+ 34.Kg2 Qe2+ 35.Kh3 Qe6+ 36.Rg4 $1 h5 37.Qh4 {saves White from the checks and wins.} ) 33.Rxf8+ Kh7 34.d8=Q {and there is not a perpetual.} ) 32.Qd5 Qg5 33.Qe4+ {Missing the third win.} ( {True, this time it was close to impossible to find. The winning line runs} 33.Rf5 Qg4 34.Rf7 Qe2 {Black threatens many checks, and this makes the assessment of the position extremely tough, but} 35.d4 $3 {Now Black is helpless against the mating attack, e.g.} ( {White should not hurry with the mating threats as the immediate} 35.Qf5+ Kg8 36.Qg6 {is well met with} 36...Qe5 $1 {and Black survives.} ) 35...a5 36.Qf5+ Kg8 37.Qg6 {and mate is inevitable.} ) 33...Qg6 34.Qd5 Qg5 35.Qd6 Qg6 36.Qc7 ( {The rook endgame is the dream of the defender:} 36.Qxg6+ Kxg6 37.Rd4 Kf7 38.Rd5 a6 39.Rd6 Ke7 40.Rxa6 Rxd7 {with a draw.} ) 36...Qg5 37.Qd6 Qg6 38.Qc7 {Finally missing the win.} ( {The last chance to revert to the winning line is here:} 38.Qd5 $1 ) 38...Qg5 39.Qc6 Qe7 {And the world champion escaped from trouble after:} 40.Qxb5 Rxd7 41.Qf5+ g6 42.Qf8 Qxf8 43.Rxf8 Kg7 44.Ra8 Kf6 45.Kg2 Rxd3 46.Rxa7 Rd2+ 47.Kg1 {White cannot win with the passive king.} 1/2-1/2

[Event "E Chess.com Grand Swiss"]
[Site "FIDE"]
[Date "2019.10.15"]
[Round "6.3"]
[White "Wang, Hao"]
[Black "McShane, Luke J"]
[Result "1-0"]
[WhiteElo "2726"]
[BlackElo "2682"]
[EventDate "2019.??.??"]
[Annotator "Bojkov,Dejan"]
[PlyCount "125"]
[Beauty "6254009254920"]
[EventType "team-tourn"]
[EventCountry "FID"]

1.d4 Nf6 2.c4 e6 3.g3 Bb4+ 4.Bd2 c5 5.Bxb4 cxb4 {The Bogo-Indian has a reputation of a solid opening.} 6.Bg2 O-O 7.e4 ( {Another way to play it is} 7.Nf3 d6 8.O-O Nc6 9.a3 Qb6 10.axb4 Nxb4 11.Nc3 Bd7 12.e4 Rfd8 {Kuzubov, Y (2663)-Fedorchuk,S (2637) Brest 2018} ) 7...d6 8.Ne2 Nc6 9.O-O Bd7 $146 ( {The predecessor saw} 9...e5 10.Qd2 Qb6 11.Rd1 Bg4 12.f3 Bd7 13.Qe3 a5 14.Nd2 Nxd4 15.Nxd4 exd4 16.Qf2 Be6 {Zubritskiy,A (2442)-Naiditsch,A (2687) Tallinn 2016} ) 10.Qd3 a5 11.Nd2 e5 {McShane is doing everything right. He traded the dark-squared bishop and now he posts his pawns on the opposite color of the remaining one. Still, his position remains somewhat worse as the space advantage counts for something!} 12.Rfd1 Qb8 {This brings the queen out.} 13.Rac1 Qa7 {The logical finish of the maneuver.} ( {However, it made sense to keep the queen where it is, at least for the time being and make another useful move:} 13...Re8 $5 {Then if Wang proceeds as in the game:} 14.Nf1 {Black has the resource:} 14...b5 $1 15.cxb5 Nd8 {getting closer to the equality.} ) 14.Nf1 {Thanks to his extra space White has the luxury of comfortable stretching, sorry maneuvering. He intends to bring this knight to e3, then prepare f2-f4 and expand on the kingside. What exactly does Black do is the question.} 14...Rac8 15.h3 Rfd8 16.Ne3 h6 17.b3 Qb8 {McShane came back to the idea of a b-pawn break.} ( {Not much is changed after} 17...Re8 18.Kh2 {and f2-f4 remains on the agenda.} ) 18.f4 b5 {However, this time White is better prepared for it.} 19.cxb5 Ne7 20.Rxc8 Rxc8 21.dxe5 ( {Even better was} 21.b6 {when Black cannot easily deal with the annoying pawn. For example:} 21...exf4 ( 21...exd4 22.Nc4 $1 ) ( 21...Qxb6 22.Nc4 $1 ) 22.e5 dxe5 23.dxe5 Qxe5 24.Nxf4 {and the b-passer is an asset.} ( {Or even} 24.gxf4 Qb8 25.Qd6 ) ) 21...dxe5 22.Qd6 {White wins a pawn, but Black had anticipated that.} 22...Bxb5 ( {Worse is} 22...Qxd6 $6 23.Rxd6 Bxb5 ( 23...exf4 $2 24.e5 fxe3 25.exf6 Bxb5 26.fxe7 Bxe2 27.Rd8+ {wins on the spot.} ) 24.fxe5 Ng4 $5 25.Nxg4 Bxe2 26.Ne3 {with advantage for White.} ) 23.Qxb8 Rxb8 24.fxe5 Nd7 {But this is not optimal.} ( {Correct was} 24...Bxe2 $1 {Then} 25.Rd2 ( {However, the English GM might have been worried about the exchange sacrifice} 25.exf6 $5 Bxd1 26.fxe7 {In the line} 26...Be2 27.Nf5 Re8 28.e5 {Black seems unable to cope with the Bg2-c6 threat. But there is an excellent idea:} 28...Bb5 $1 29.Nd6 Rxe7 30.Nxb5 Rxe5 {The rook and the pawn should not be worse than the pieces.} ) 25...Nh5 26.Rxe2 Nxg3 27.Rc2 Ng6 {is absolutely harmless for Black.} ) 25.e6 $1 {A nasty blow.} 25...fxe6 ( 25...Bxe2 26.Rxd7 {is horrible for Black.} ) 26.Nd4 Ne5 {McShane decided to sacrifice the pawn in hope of compensation based on the better bishop and the nice central outpost for his knights.} ( {However, better was:} 26...Nf8 27.Nxb5 Rxb5 28.Nc4 {with unpleasant, but most likely defendable endgame.} ) ( {Whereas} 26...e5 $2 {drops a piece after} 27.Nxb5 ) 27.Nxe6 Rc8 ( {Nothing changes} 27...Kf7 28.Nf4 ) 28.Nd5 {Wang has good squares for his knights as well.} ( 28.Nf5 Nxf5 29.exf5 {was also good for White.} ) 28...N7g6 29.Nd4 Be8 30.Bf1 {The bishop is not bad neither.} 30...Bf7 31.Kf2 {And the king gets into the game. Apparently, a pawn is a pawn after all!} 31...Rc5 32.Bg2 Nf8 33.Ke3 Nfd7 34.Ne2 Kf8 {The last mistake. Without the rooks Black has too wide an area to defend.} ( 34...Rc2 $1 {would have kept Black in the game after} 35.Rd2 Rc5 ) 35.Rc1 Bxd5 ( {Or} 35...Rxc1 36.Nxc1 Be6 37.Kd4 ) 36.Rxc5 Nxc5 37.exd5 Ke7 38.Nd4 Nb7 39.Ke4 ( 39.Nc6+ Kd6 40.Ke4 Nd7 {is similar.} ) 39...Nd7 40.Kd3 Ne5+ 41.Ke4 Nd7 42.Nc6+ Kd6 43.Kd4 Kc7 ( 43...Ndc5 {lets the white king in after} 44.Kc4 ) 44.Bf3 Kb6 ( {Or else the white king makes it to the enemy queenside pawns:} 44...Kd6 45.Kc4 Ne5+ 46.Nxe5 Kxe5 47.Kb5 ) 45.Ne5 $1 {Without the pair of knigths Black can no longer cover all the squares.} 45...Nf6 ( 45...Nxe5 46.Kxe5 Kc7 47.Kf5 {wins at once.} ) 46.Nc4+ Kc7 47.Ke5 Ne8 48.Ke6 Ned6 49.Nxd6 Nxd6 50.h4 {It is over. Wang forces zugwang and makes it to the kingside pawns.} 50...g5 51.h5 Nb5 52.Ke7 Nd6 53.g4 Nb5 54.Be2 Nd6 55.Bd3 {It is always useful to limit the knight.} 55...Nc8+ 56.Ke6 Nd6 57.Kf6 Kd8 58.Kg6 Ke7 59.Kxh6 {The job is done, now White needs to get his king out which he does with ease.} 59...Kf6 60.Kh7 Kf7 61.h6 Nc8 62.Bf5 Nd6 63.Be6+ 1-0

[Event "E Chess.com Grand Swiss"]
[Site "FIDE"]
[Date "2019.10.17"]
[Round "7.2"]
[White "Aronian, Levon"]
[Black "Wang, Hao"]
[Result "1-0"]
[WhiteElo "2758"]
[BlackElo "2726"]
[EventDate "2019.??.??"]
[Annotator "Bojkov,Dejan"]
[PlyCount "117"]
[Beauty "6459899251720"]
[EventType "team-tourn"]
[EventCountry "FID"]

1.d4 Nf6 2.c4 e6 3.Nf3 d5 4.Nc3 c5 5.cxd5 Nxd5 6.e3 Nc6 7.Bd3 Be7 8.a3 Nxc3 9.bxc3 O-O 10.Qc2 h6 11.O-O b6 12.Rd1 ( {Another possibility is} 12.Bb2 Bb7 13.Rad1 Qc7 14.e4 Na5 15.Qe2 Bf6 16.Rfe1 {Nagy,G (2484)-Lenic,L (2644) Mali Losinj 2019} ) 12...Bf6 $146 {A novelty and a typical Gruenfeld-like pawn sacrifice.} ( {Black is by no means forced to sacrifice a pawn. A predecessor went} 12...cxd4 13.cxd4 Bb7 14.Bb2 Rc8 15.Qe2 Bf6 16.Bb5 Na5 17.e4 Qc7 18.Rac1 Qf4 19.Bd3 Rfd8 {where White had a strong center, but Black could fight it successfully, Emms,J (2488)-Webb,L (2306) Hull 2018} ) 13.dxc5 Qc7 14.cxb6 axb6 15.Bb2 Ne5 {One of the points behind the sacrifice. Wang clears the road for his long-ranged pieces and puts pressure against the c3 pawn at once.} 16.Bh7+ ( {The other way to play it is the simple-minded} 16.Nxe5 Bxe5 17.f4 Bf6 18.c4 Bxb2 19.Qxb2 ) 16...Kh8 17.Be4 Ra5 18.c4 Nxf3+ ( {More accurate was} 18...Ba6 $1 19.Nxe5 ( 19.Rac1 Rc8 ) 19...Bxe5 20.Bxe5 Rxe5 21.Rd4 Rc5 {dealing ith the c-pawn once and for all.} ) 19.Bxf3 Bxb2 20.Qxb2 {Aronian manages to stick to his extra pawn.} 20...Ba6 21.Be2 Bxc4 ( {Here} 21...Rc5 22.Rd4 Rd8 23.Qb4 {does not win the c-pawn as convincingly as in the line from above.} ) 22.Bxc4 Qxc4 23.Qxb6 Raa8 {Conceptually, this is the result of the novelty. Very soon an endgame with an extra pawn for White will appear on the board. Many openings are based on these hypothetical endgames. Are they holdable for the defender, or not?} 24.Qb4 Qc7 25.h3 Qa5 $1 {The right plan. Wang goes for the queen swap.} ( {With the Ladies on} 25...Rfb8 26.Qd4 Rb5 27.a4 Rba5 {White can combine the advance of his extra passer with kingside threats more easily. He can even start pushing his kingside pawns.} ) 26.Qf4 Qf5 27.Qxf5 exf5 {The endgame should be holdable for Black, but Aronian's skillful play puts a lot of pressure on his opponent all the time.} 28.Rd5 $1 {This secures the advance of his passer all the way to a5.} 28...g6 29.a4 Rfc8 30.Ra2 $1 {Another small, almost unnoticeable move which deprives Black of any chance of counterplay along the second rank.} 30...Rc1+ 31.Kh2 h5 {Wang is correctly arranging his pawns on the kingside.} 32.a5 Ra6 33.g3 ( {White cannot give an impulse to the pawn:} 33.Rb5 Kg7 34.Rb6 Rxb6 35.axb6 Rb1 $1 {as with the rook from behind Black easily holds.} ) 33...Kg7 34.Kg2 {Time to activate the king.} 34...Rb1 35.Kf3 Kf6 36.Rc5 Ke6 37.h4 {Aronian secures a path for his king into the enemy camp.} 37...Rb4 38.Rd2 {Aronian is trying to get his king in.} ( {The other way to try and break through is to search for a trade of a pair of rooks with} 38.Rac2 {Then Black can defend either with} 38...Ra4 ( {Or with the clever} 38...Ra7 $5 39.Rc6+ Kd7 40.a6 Ra4 41.Rf6 Ke7 {forcing the white rooks into passivity:} 42.Rcc6 ) 39.Rc6+ Rxc6 40.Rxc6+ Kd7 ( 40...Ke7 41.a6 ) 41.Ra6 Ke7 {With the rook placed ideally on a4 Black should be able to hold.} ) 38...Rb7 ( {Wang misses an even better chance:} 38...Ra4 $1 {He was probably afraid of the doubling along the seventh rank:} 39.Rc7 {But this is not as scary as it seems:} 39...R4xa5 40.Rdd7 Rc5 41.Re7+ Kd5 {and Black is getting closer to the draw.} ) 39.Kf4 Kf6 40.Rcd5 Ke6 41.Kg5 {Everything goes according to the plan. White sneaks into the opponent's camp. The problem is that his pawns are also left undefended.} ( {Nothing is achieved after} 41.Re5+ Kf6 42.Rc5 Rb4+ ) 41...Rba7 42.Kh6 Rxa5 43.Rd6+ Ke7 $1 ( {Not the pseudo-active:} 43...Ke5 $2 44.R2d4 $1 f4 45.exf4+ Kf5 46.f3 {when the black king lands into mating net.} ) 44.Kg7 R5a6 45.R6d5 $1 {The most flexible choice.} ( {Or} 45.Rxa6 Rxa6 46.Rd5 Ra2 47.Re5+ Kd6 48.Re8 Rxf2 49.Kxf7 Rf3 50.Kxg6 Rxg3+ 51.Kxf5 Rg4 {with a draw.} ) 45...Ra5 46.Rxa5 ( {Aronian wanted to go} 46.f4 {but after} 46...Rxd5 47.Rxd5 Ra6 48.Rb5 Re6 {he didn't see a way through but here} 49.Re5 $1 {wins on the spot. "I've seen Re5 in zillions of lines but not exactly here!" he said.} ) 46...Rxa5 47.Rb2 Ra7 48.Rb5 Ra2 {Now in comparison to the line from above White has the extra possibility:} 49.Rb7+ ( 49.Re5+ {will be as above.} ) 49...Ke6 50.Rxf7 Rxf2 51.Rf6+ Ke5 52.Rxg6 {That is the difference. Aronian keeps the extra pawn and gets two connected passers.} 52...Rf3 53.Kh6 Rxe3 54.Kxh5 {Nevertheless, Black is still holding.} 54...f4 {And active move and.. .a practical mistake. Although Wang can still hold this, he needs to find an only move in a very sharp situation.} ( {Here the easiest was to ask White how is he improving his position:} 54...Ra3 $1 55.Rg8 Rb3 {and White can hardly make progress. This was also pointed out by Aronian.} ) 55.g4 {The pawns come into motion. White's plan is easy to see: he will advance the passers as far as he can and sacrifice the rook for the enemy passer.} 55...f3 56.Kg5 Ra3 $2 {This natural move loses.} ( {The only defense was:} 56...Rd3 $3 {With the key point being that after:} 57.Rf6 Rd8 58.Rf5+ Ke4 59.h5 {Black can trade the rooks and secure his pawn promotion:} 59...Rd5 $1 60.Rxd5 Kxd5 61.h6 f2 62.h7 f1=Q 63.h8=Q Qc1+ {with a draw.} ) 57.Rf6 Ra8 58.Rf5+ $1 {A nasty surprise for Black!} ( {He was probably hoping for:} 58.Rxf3 Rg8+ 59.Kh6 Rxg4 {with a draw.} ) 58...Ke4 59.h5 ( 59.h5 {The pawns are unstoppable:} 59...Ke3 60.h6 f2 61.h7 ( {There is still a chance to spoil everything:} 61.Kh5 $2 Ra5 $1 ) 61...Ke2 62.Kh6 f1=Q 63.Rxf1 Kxf1 64.g5 ) 1-0